|
|
|
|
| LEADER |
00000nam2a2200000 4500 |
| 001 |
108798 |
| 005 |
20231031115825.0 |
| 010 |
|
|
|a 5812508453
|
| 035 |
|
|
|a (RuTPU)RU\TPU\book\117450
|
| 090 |
|
|
|a 108798
|
| 100 |
|
|
|a 20070126d2006 km y0rusy50 ca
|
| 101 |
0 |
|
|a rus
|
| 102 |
|
|
|a RU
|
| 105 |
|
|
|a a b 001zy
|
| 200 |
0 |
|
|a Т. 2: Ключевые орнитологические территории международного значения в Западной Сибири
|
| 210 |
|
|
|d 2006
|
| 215 |
|
|
|a 334 с.
|c ил.
|
| 320 |
|
|
|a Библиогр.: с. 326-332.
|
| 330 |
|
|
|a Предлагаемая книга — второй выпуск серии каталогов наиболее ценных природных территорий, важных для сохранения птиц — ключевых орнитологических территорий России (КОТР). В каталоге представлены результаты инвентаризации КОТР международного значения в Западной Сибири, приведены описания 131 выделенной здесь КОТР и обзоры состояния охраны птиц в 12 субъектах Российской Федерации. В приложениях содержатся списки авифаун всех западносибирских административных регионов и списки видов птиц, занесенных в региональные Красные книги. Сведения собраны в 1998-2005 гг. участниками программы «Ключевые орнитологические территории России».
|
| 461 |
|
1 |
|0 (RuTPU)RU\TPU\book\118108
|t Ключевые орнитологические территории России
|o каталог
|f под ред. С. А. Букреева
|v Т. 2: Ключевые орнитологические территории международного значения в Западной Сибири
|d 2006
|s Программа: Ключевые орнитологические территории России
|
| 610 |
1 |
|
|a Россия
|
| 610 |
1 |
|
|a Западная Сибирь
|
| 610 |
1 |
|
|a орнитологические территории
|
| 610 |
1 |
|
|a охраняемые природные территории
|
| 610 |
1 |
|
|a птицы
|
| 610 |
1 |
|
|a охрана
|
| 610 |
1 |
|
|a орнитология
|
| 610 |
1 |
|
|a инвентаризация
|
| 610 |
1 |
|
|a законодательные основы
|
| 675 |
|
|
|a 502.4(085)
|v 3
|
| 801 |
|
1 |
|a RU
|b 63413507
|c 20070126
|g PSBO
|
| 801 |
|
2 |
|a RU
|b 63413507
|c 20070221
|g PSBO
|
| 942 |
|
|
|c BK
|